History Quiz

Random History or Art Quiz
Score 0/50 Timer 06:00
1 Play Today
% Correct
Air Pump
95.5%
Telescope
94.2%
Macbeth
91.6%
King Lear
91.1%
The Tempest
89.3%
Pendulum Clock
89.2%
Calculus
88.2%
Genoa
87.4%
Cockfighting
85.4%
Rembrandt van Rijn
83.6%
Nuremberg
83.1%
Universal Gravitation
81.7%
Sunday Football
81.5%
Christmas Holidays
81.1%
Leuven
80.5%
Pilsen
78.7%
Roman Catholicism
78.3%
Johannes Vermeer
77.4%
Bishops
75.3%
Magdeburg
74.3%
Peter Paul Rubens
73.4%
William Penn
71.2%
John Milton
70.5%
Timon of Athens
70.3%
John Locke
69.7%
% Correct
René Descartes
69.4%
Coriolanus
69.3%
Johann Pachelbel
68.5%
Claudio Monteverdi
68.4%
Anthony van Dyck
68%
Francis Bacon
58.9%
Gregorio Allegri
58.6%
John Donne
57.4%
Roger Williams
55.4%
Worldly Wiseman
55.1%
Samuel de Champlain
55%
Valiant-for-Truth
49.7%
Christian
49.6%
Henry Purcell
49.4%
Blaise Pascal
47.3%
Baruch Spinoza
45.9%
Giant Despair
45%
Apollyon
44.9%
Thomas Hooker
41.7%
Jean de la Fontaine
37%
Jean-Baptiste Lully
32.9%
George Herbert
32.4%
Peter Minuit
28.9%
Matsuo Bashō
27.8%
Nicolas Poussin
25.4%
Remove Ads.
Support Sporcle.
Get the best of Sporcle when you Go Orange. This ad-free experience offers more features, more stats, and more fun while also helping to support Sporcle. Thank you for becoming a member.

You're not logged in!

Compare scores with friends on all Sporcle quizzes.
OR
Log In

Show Comments

Extras

Top Quizzes Today


Score Distribution

Your Account Isn't Verified!

In order to create a playlist on Sporcle, you need to verify the email address you used during registration. Go to your Sporcle Settings to finish the process.

Report this User

Report this user for behavior that violates our Community Guidelines.

Details: